000 00565nam a2200181 4500
001 107491
003 ES-MaACL
005 20230906184431.0
007 t|
008 061121s1960 sp r ||||1| spa d
100 1 _aMorris, Max.
_983678
245 1 0 _aEcuaciones diferenciales /
_cMax Morris, Orley E. Brown; traducción del inglés por Julio Porcel Moleón.
260 _aMadrid :
_bAguilar,
_c1960.
300 _aXII, 332 p. ;
_c22 cm.
700 1 _aPorcel Moleón, Julio.
_993116
700 1 _aBrown, Orley E.
_932017
852 _aES-MaACL
_jC-19182
_bR.46563
999 _c107491
_d107491